Aprender con referentes femeninos. Un legado cultural para la igualdad.

Αποθηκεύτηκε σε:
Λεπτομέρειες βιβλιογραφικής εγγραφής
Κύριος συγγραφέας: López-Navajas, Ana (autor)
Μορφή: Άγνωστο
Έκδοση: España: SM, 2021.
Σειρά:Biblioteca Innovación Educativa
Θέματα:
Ετικέτες: Προσθήκη ετικέτας
Δεν υπάρχουν, Καταχωρήστε ετικέτα πρώτοι!

MARC

LEADER 00000 a2200000 4500
003 CL-VaPUC
005 20240409100738.0
008 240404t2021 ||||| |||| 00| 0 eng d
999 |c 443237  |d 443235 
020 |a 978-84-139-2165-5 
040 |c Pontificia Universidad Católica de Valparaíso 
082 7 |2 22  |a 370.82 LOP 2021 
100 |a López-Navajas, Ana  |9 887811  |e autor 
245 |a Aprender con referentes femeninos.   |b Un legado cultural para la igualdad. 
260 |b SM,  |c 2021.  |a España: 
300 |a 193 páginas. 
490 |a Biblioteca Innovación Educativa 
583 |k Cristina María Rojas Aguilar  |c 20240404 
650 0 |9 888172  |a Mujeres en la educación 
650 0 |9 888231  |a Igualdad de oportunidades en la enseñanza  |v Perspectiva de género 
650 0 |9 888173  |a Mujeres intelectuales  |v Referentes en la educación 
650 0 |a Programación de aula  |v Perspectiva de género  |9 888232 
942 |2 ddc  |c BK 
952 |0 0  |1 0  |2 ddc  |4 0  |6 370_820000000000000_LOP_2021  |7 0  |8 A  |9 593717  |a BIBHIS  |b BIBHIS  |d 2024-03-19  |e 52  |g 24363.00  |i 5660392  |o 370.82 LOP 2021  |p 5660392  |r 2025-01-20  |t 1  |v 24363.00  |w 2024-03-19  |y BK  |k HIS